<Die> Organisation des betrieblichen Umweltschutzes <Eine> organisationstheoretische Analyse der betrieblichen Teilfunktion Umweltschutz

Saved in:
Bibliographic Details
Main Author: Matzel, Manfred
Format: Book
Language:German
Published: Berlin Schmidt 1994
Edition:1. Aufl.
Series:Betriebswirtschaftliche Studien 57
Subjects:
Tags: Add Tag
No Tags, Be the first to tag this record!

MARC

LEADER 00000nam a2200000 4500
001 c010405
005 20221205140908.2
020 |a 3-503-03492-7 
041 0 |a ger 
044 |a DE 
245 1 0 |a <Die> Organisation des betrieblichen Umweltschutzes  |b <Eine> organisationstheoretische Analyse der betrieblichen Teilfunktion Umweltschutz  |c Manfred Matzel 
250 |a 1. Aufl. 
264 1 |a Berlin  |b Schmidt  |c 1994 
300 |a 290 s. 
490 1 |a Betriebswirtschaftliche Studien  |v 57 
830 0 |a Betriebswirtschaftliche Studien  |v 57 
610 2 0 |a politika podniková 
610 2 0 |a prostredie životné 
610 2 0 |a ochrana prostredia životného 
610 2 0 |a ekológia 
610 2 0 |a funkcie podniku 
610 2 0 |a právo 
100 1 |a Matzel, Manfred